000 00820nam a2200205 a 4500
001 000132296
003 AM-YEHGA
005 20250617122747.0
008 990604s1972 ru ||||gr|||||||||0|rus|d
040 _aAM-YeHGA
041 0 _arus
245 0 0 _aНовые виды древних растений и беспозвоночных СССР /
_cОтв. ред. Н.Е Занина.
260 _aМосква :
_bНаука,
_c1972.
300 _a371 с.
550 _aАН СССР, Научный совет по проблеме "Пути и закономерности исторического развития животных и растительных организмов"
650 1 4 _aПалеоботаника
700 1 _aЗанина, И.Е.
_eред.
_4edt
942 _2udc
_cBK
090 _c44965
999 _c44233
_d44233